000 00680nam a2200217Ii 4500
003 JO-AjNU
008 230606s9999||||xx |||||||||||||| ||und||
020 _a0-07-061594-2
040 _aJO-AjNU
_beng
_erda
_cJO-AjNU
041 _aeng
050 1 4 _aBF371.E525.2004
100 3 _aHunt,R.Reed , Ellis,Henry.C,
_eauthor
_91326
245 0 0 _aFundamentals Cognitive Psychology
250 _aSeventh Edition
264 3 1 _aNew Delhi:Tata McGraw Hill Publishing , 2004
300 _a478p
336 _atext
_btxt
_2rdacontent
337 _aunmediated
_bn
_2rdamedia
338 _avolume
_bnc
_2rdacarrier
650 4 _aMemory-Cognition-Cognitive psychology-Psychologie cognitive
_91327
999 _aE697
_c697
_d697